Ley Federal del Trabajo comentada, correlacionada y tematizada con sus reglamentos y otros ordenamientos

Bibliographic Details
Main Author: Bertrand, Alejandro Gřard
Other Authors: Corona Raba̕, Carlos Alejandro
Format: eBook
Language:Spanish
Published: Ciudad de Mx̌ico: Instituto Mexicano de Contadores Pb︢licos, 2020
Subjects:
Online Access:Acceso restringido

MARC

LEADER 00000nam a22000007a 4500
005 20201028233845.0
007 cr|||| ||||
008 201028s2020 mx |||||s|||| 00||0 spa d
020 |a 978-607-563-030-4 
035 |a 32186 
040 |a vLex 
090 |c 10804  |d 10804 
100 1 |a Bertrand, Alejandro Gřard 
245 1 0 |a Ley Federal del Trabajo comentada, correlacionada y tematizada con sus reglamentos y otros ordenamientos  |h [Recurso electrn̤ico] /  |c Alejandro Gřard Bertrand Carlos Alejandro Corona Raba̕ 
256 |a Servicio en ln̕ea 
260 |a Ciudad de Mx̌ico:  |b Instituto Mexicano de Contadores Pb︢licos,  |c 2020 
300 |a 1 recurso electrn̤ico 
500 |a En 2019 se realiz ̤una reforma extensa a la Ley Federal del Trabajo, consecuencia de la labor legislativa y que tiene como uno de sus principales ejes la justicia laboral. Sin duda, la profesionalizacin̤ en la imparticin̤ de justicia dar ̀mayor certidumbre y fiabilidad a las resoluciones dictadas por los ahora Tribunales Laborales. Asimismo, se espera una mayor efectividad y rapidez en las sentencias, lo que con las Juntas Federales y Locales no se vea̕, as ̕como determinaciones ms̀ justas y favorables al trabajador. A su vez, la democratizacin̤ sindical establece la participacin̤ directa en la eleccin̤ de los representantes sindicales por parte de los trabajadores miembros, lo cual ratifica y fortalece la libertad de asociacin̤ y, sobre todo, incrementa el peso de los trabajadores en los sindicatos. En definitiva, la reforma efectuada en 2019, dada su magnitud, debe ser tomada en cuenta como un esfuerzo por parte del Estado para garantizar los derechos de los trabajadores, fuera de las polm̌icas y controversias acerca de su creacin̤ o fundamentos. Esperamos que los trabajadores se acerquen al estudio de estas normas laborales, ya que de no hacerlo no podrǹ ejercer adecuadamente los derechos en ella enmarcados y, por ende, no gozarǹ de los beneficios fruto de esta actividad legislativa 
506 1 |a Disponible solo en los productos indicados  |d vLex Global  |d vLex Global (Academic Edition, excluding Law Schools)  |d vLex Global (U.S. Academic Edition, Law Schools)  |d vLex Global (U.S. Academic Edition, excluding Law Schools)  |d vLex Global (Academic Edition, Law Schools) 
650 0 4 |a Derecho Laboral y Seguridad Social  |z Mx̌ico 
700 1 |a Corona Raba̕, Carlos Alejandro 
740 0 |a vLex Libros (Servicio en ln̕ea) 
856 4 0 |u http://vlex.com/source/ley-federal-del-trabajo-comentada-correlacionada-y-tematizada-con-sus-reglamentos-y-otros-ordenamientos-32186  |z Acceso restringido 
942 |c BOOK 
999 0 |a Labor law and social security